UM Logo

Complex Dynamics : (Record no. 24457)

MARC details
000 -LEADER
fixed length control field 00976nam a22002057a 4500
003 - CONTROL NUMBER IDENTIFIER
control field OSt
005 - DATE AND TIME OF LATEST TRANSACTION
control field 20260321163459.0
008 - FIXED-LENGTH DATA ELEMENTS--GENERAL INFORMATION
fixed length control field 260321b |||||||| |||| 00| 0 eng d
040 ## - CATALOGING SOURCE
Transcribing agency 0
082 ## - DEWEY DECIMAL CLASSIFICATION NUMBER
Classification number DPer 370.15 J826 October-November 2024 v.116 n.7-8
100 ## - MAIN ENTRY--PERSONAL NAME
Personal name Daumiller, Martin.
Relator term author.
9 (RLIN) 64803
245 ## - TITLE STATEMENT
Title Complex Dynamics :
Remainder of title Investigation of Within- and Between-Person Relationships Between Achievement Emotions and Emotion Regulation During Exam Preparation Through Dynamic Network Modeling
Statement of responsibility, etc. Martin Daumiller, David W. Putwain, and Ulrike Nett.
260 ## - PUBLICATION, DISTRIBUTION, ETC. (IMPRINT)
Place of publication, distribution, etc. Washington D.C., USA
Name of publisher, distributor, etc. American Psychological Association
Date of publication, distribution, etc. November 2024
300 ## - PHYSICAL DESCRIPTION
Extent Volume 100, Pages 1267-1282 :
Other physical details illustration ;
Dimensions 28 cm.
500 ## - GENERAL NOTE
General note Journal of Education Psychology, Vol. 116, no. 8, pages 1267-1282, November 2024
700 ## - ADDED ENTRY--PERSONAL NAME
Personal name Daumiller, Martin.
Relator term author.
9 (RLIN) 64803
700 ## - ADDED ENTRY--PERSONAL NAME
Personal name Putwain, David W.
Relator term author.
9 (RLIN) 61438
700 ## - ADDED ENTRY--PERSONAL NAME
Personal name Nett, Ulrike E.
Relator term author.
9 (RLIN) 48639
942 ## - ADDED ENTRY ELEMENTS (KOHA)
Source of classification or shelving scheme Dewey Decimal Classification
Koha item type Periodicals
Holdings
Withdrawn status Lost status Source of classification or shelving scheme Damaged status Not for loan Collection code Home library Current library Date acquired Total Checkouts Full call number Date last seen Price effective from Koha item type Public note
    Dewey Decimal Classification     Periodicals UM Digos College - LIC UM Digos College - LIC 03/21/2026   DPer 370.15 J826 October-November 2024 v.116 n.7-8 03/21/2026   Periodicals Periodical Article